| 000 | 00483nam a2200193 a 4500 | ||
|---|---|---|---|
| 001 | 894 | ||
| 003 | CDMR | ||
| 005 | 20131204105647.0 | ||
| 008 | 130130s2002||||||||||||||||||||||||||||d | ||
| 020 | _a8425218799 | ||
| 040 |
_aCDMR _bcat _cCDMR |
||
| 100 | 1 |
_aTournier, Michel _9697 |
|
| 245 | 1 | 3 |
_aEl crepúsculo de las máscaras _cMichel Tournier |
| 260 |
_aBarcelona _c2002 _bGustavo Gili |
||
| 300 | _a139 p. | ||
| 490 | 0 | _aFotoGGrafia | |
| 650 | 0 | 4 |
_93097 _aFotògrafs |
| 942 |
_cMON _2udc |
||
| 999 |
_c894 _d894 |
||